000 00299nam a2200121 i 4500
001 bg
245 0 _aXIV Sympozjum podstaw konstrukcji maszyn :
_bstreszczenia referatów.
260 _aPoznań,
_c1989.
040 _cBPK
041 _apol
942 _cKS
008 s pl f |000 0 pol
999 _c29013
_d29013
856 _uhttp://koha.tu.koszalin.pl/cgi-bin/koha/opac-detail.pl?biblionumber=29013
_yKatalog online BPK